000
00329pab a2200145 454500
008
180718b2005 xxu||||| |||| 00| 0 eng d
100
_a
Gautam, P.K.
245
_a
Beyond the indus water treaty
260
_c
2005
300
_a
p.25-26.
362
_a
21 May
650
_a
Water supply
773
_a
Mainstream
909
_a
65357
999
_c
65357
_d
65357